00607 a2200121 4500082001000000100005300010245013600063260008100199300003400280500006100314700005300375856005700428 aBEE-4 aAska Zafar Rana, Hira Ali Jamal and Sehrish Khan aEffective of alignment correction on image fusion [Project Report BEE-4]cAska Zafar Rana, Hira Ali Jamal and Sehrish KhanhEnglish aIslamabadbNUST School of Electrical Engineering and Computer Sciencec2011. a78p.b;ill.c:27cm. +eCD-ROM aSupervisors: Dr. Muhammad Murtaza Khan, Dr. Rehman Hafiz aAska Zafar Rana, Hira Ali Jamal and Sehrish Khan uhttp://10.250.8.41:8080/xmlui/handle/123456789/10633